Rompimiento del Istmo de Suez (Record no. 165132)
[ view plain ]
| 000 -LEADER | |
|---|---|
| campo de control de longitud fija | 00847nam a22001935i 4500 |
| 001 - NÚMERO DE CONTROL | |
| campo de control | 165132 |
| 003 - IDENTIFICADOR DE NÚMERO DE CONTROL | |
| campo de control | ES-MaACL |
| 005 - FECHA Y HORA DE LA ÚLTIMA TRANSACCIÓN | |
| campo de control | 20250821063103.0 |
| 008 - DATOS DE LONGITUD FIJA--INFORMACIÓN GENERAL | |
| campo de control de longitud fija | 950206s1857 sp a |||| | spa d |
| 040 ## - FUENTE DE CATALOGACIÓN | |
| Centro catalogador/agencia de origen | CLM |
| 100 1# - ENTRADA PRINCIPAL--NOMBRE DE PERSONA | |
| Nombre de persona | Montesino, Cipriano Segundo, |
| Fechas asociadas al nombre | 1817-1901 |
| 9 (RLIN) | 132635 |
| 245 10 - MENCIÓN DEL TÍTULO | |
| Título | Rompimiento del Istmo de Suez |
| Resto del título | : Memoria que acerca de la unión del mar Rojo al Mediterráneo, por medio de un canal marítimo / |
| Mención de responsabilidad, etc. | presenta al gobierno de S.M. Cipriano Segundo Montesino. |
| 260 ## - PUBLICACIÓN, DISTRIBUCIÓN, ETC. | |
| Lugar de publicación, distribución, etc. | Madrid : |
| Nombre del editor, distribuidor, etc. | Imprenta Nacional, |
| Fecha de publicación, distribución, etc. | 1857. |
| 300 ## - DESCRIPCIÓN FÍSICA | |
| Extensión | VII, 632 p., [1] h. pleg., [2] h. de map. pleg. : |
| Otras características físicas | il. ; |
| Dimensiones | 24 cm. |
| 599 ## - NOTA A LAS ILUSTRACIONES | |
| NOTA A LAS ILUSTRACIONES | Las h. de map.: "Grav. y lit. por J. M. Torres", representan el Istmo de Suez y un perfil del mismo. |
| 752 ## - ENTRADA AGREGADA--NOMBRE JERÁRQUICO DEL LUGAR | |
| País o entidad superior | España - |
| Ciudad | Madrid |
| 852 ## - LOCALIZACIÓN | |
| Ubicación | ES-MaACL |
| Número de control de estantería | G-9569 |
| Nota libre | -- Enc. hol. |
| Estatus retirado | Estado de pérdida | Estado de daño | No para préstamo | Colección | Biblioteca de origen | Biblioteca actual | Ubicación en estantería | Fecha de adquisición | Fuente de adquisición | Total de préstamos | Signatura topográfica completa | Código de barras | Visto por última vez | Precio de reemplazo | Tipo de ítem Koha |
|---|---|---|---|---|---|---|---|---|---|---|---|---|---|---|---|
| Libros del s. XIX | Biblioteca del Ateneo de Madrid | Biblioteca del Ateneo de Madrid | Sala Pecera Planta 3 | 17/01/2008 | G-9569 | 1173146 | 23/02/2023 | 23/02/2023 | Libro impreso antiguo |
